000 01017nam a2200241Ia 4500
999 _c54392
_d54392
001 21448
003 GE_BSU
005 20211101104643.0
008 181216s2016||||ge |||||||||||||| ||geo||
020 _a19877579
040 _cGE_BSU
041 _ageo
080 _a159.9.07 ფ-96
245 _aფსიქოლოგიური გამოკვლევები :
_bტომი VIII /
_cრედაქტორები : ნოდარ ბარამიძე, გურამ ჩაგანავა.
264 _aბათუმი:
_bგამომცემლობა "თეგი'',
_c2016.
300 _a95 გვ. ;
_b20 სმ.
504 _aბიბლიოგრ. ტექსტების ბოლოს
541 _h5 ლ.
653 _aფსიქოლოგია
700 _aბარამიძე, ნოდარ
_eრედაქტორი.
_912768
700 _aჩაგანავა, გურამ
_eრედაქტორი
_912769
942 _cBK
_2udc